| 000 | 00464nam a2200181Ia 4500 | ||
|---|---|---|---|
| 008 | 231217s9999 xx 000 0 und d | ||
| 020 | _a8178812487 | ||
| 041 | _aEnglish | ||
| 082 | _a330.951 RAO;1 R | ||
| 100 | _aRao, Janardhana N ed. | ||
| 245 | 0 | _aChinese economy : issues and perspectives | |
| 250 | _a1st ed. | ||
| 260 |
_c2004 _bICFAI Press _aHyderabad |
||
| 300 | _avi, 203 | ||
| 500 | _aContent page available | ||
| 650 | _aICFAI | ||
| 942 | _cAA | ||
| 999 |
_c181523 _d181523 |
||